Countries Most Similar To Montenegro - Statistics

General Stats
  • This quiz has been taken 71 times
  • The average score is 16 of 20
Answer Stats
Rank Country Score % Correct
1 Bosnia and Herzegovina 84.3
98%
2 Serbia 83
96%
3 Croatia 82.4
94%
8 Albania 74.3
90%
9 Greece 73.5
88%
14 Italy 70.7
88%
6 Slovenia 74.9
88%
7 Slovakia 74.9
86%
4 North Macedonia 81.7
84%
10 Ukraine 73
84%
11 Romania 73
82%
5 Bulgaria 78
80%
18 Spain 69.4
78%
13 Czechia 71.2
76%
17 Hungary 69.7
73%
12 Poland 71.6
71%
20 Belarus 69.3
69%
19 Moldova 69.4
69%
16 Latvia 70
59%
15 Georgia 70.1
39%
No matching quizzes found
Score Distribution
Percent of People with Each Score
Percentile by Number Answered
Your Score History
You have not taken this quiz